| 000 | 01868cam a22004337a 4500 | ||
|---|---|---|---|
| 001 | 14538799 | ||
| 005 | 20170105102345.0 | ||
| 008 | 060907s2004 caua 001 0 eng d | ||
| 010 | _a 2006281089 | ||
| 020 | _a0596005407 (pbk.) | ||
| 020 | _a9780596005405 | ||
| 035 | _a(OCoLC)ocm56473795 | ||
| 040 |
_aVYR _cVYR _dJRZ _dOCLCQ _dBAKER _dOCO _dNLGGC _dDLC |
||
| 042 | _alccopycat | ||
| 050 | 0 | 0 |
_aQA76.3 _b.B377 2004 |
| 082 | 0 | 4 |
_a006.76 BAS _222 |
| 084 |
_a54.65 _2bcl |
||
| 100 | 1 | _aBasham, Bryan. | |
| 245 | 1 | 0 |
_aHead first servlets & JSP _cBryan Basham, Kathy Sierra, Bert Bates. |
| 246 | 3 | _aHead first servlets and JSP | |
| 250 | _a2nd ed. | ||
| 260 |
_aSebastopol, CA : _bO'Reilly, _cc2004. |
||
| 300 |
_axxxii, 854 p. : _bill. ; _c24 cm. |
||
| 500 | _a"Passing the Sun certified Web component developer exam"--Cover. | ||
| 500 | _aIncludes index. | ||
| 505 | 0 | _aWhy use servlets & JSPs? -- Web app architecture -- Mini MVC tutorial -- Being a servlet -- Being a web app -- Conversational state -- Being a JSP -- Script-free pages -- Custom tags are powerful -- When even JSTL isn't enough ... -- Deploying your web app -- Keep it secret, keep it safe -- The power of filters -- Enterprise design patterns -- The final coffee cram mock exam. | |
| 630 | 0 | 0 | _aJavaServer pages. |
| 650 | 0 | _aJava (Computer program language) | |
| 650 | 0 | _aServlets. | |
| 650 | 0 |
_aElectronic data processing personnel _xCertification _vStudy guides. |
|
| 650 | 1 | 7 |
_aJava Servlets. _2gtt |
| 650 | 1 | 7 |
_aJava (programmeertaal) _2gtt |
| 700 | 1 | _aSierra, Kathy. | |
| 700 | 1 | _aBates, Bert. | |
| 856 | 4 | 2 |
_3Publisher description _uhttp://www.loc.gov/catdir/enhancements/fy0715/2006281089-d.html |
| 906 |
_a7 _bcbc _ccopycat _d2 _encip _f20 _gy-gencatlg |
||
| 942 |
_2ddc _cBK |
||
| 999 |
_c11663 _d11663 |
||